00448nam a2200181 a 4500001001300000003000900013005001700022008004100039020000800080082001700088100002100105245003000126260003500156300000900191500003500200505001000235700002100245nice12345678IN_TiNIC20260116011312.0050524s0000 dela grp 000 0 urd  ac300a922.97bAZA3 aAzad, Abul Kalam aMaqalat-E-Abul Kalam Azad aDelhibChaman Book Depotc0000 a160p aincludes index and biblioraphy2 aindex1 aAzad, Abul Kalam